00474nam a2200157Ia 450000500170000000800410001708200130005810000170007124500240008826000380011230000120015050000340016294200060019695200990020299900150030120250508051730.0240331s9999 xx 000 0 und d bMAHa891 aMahendran, K 0aManitha soroopangal aThellippalaibKugan Achagamc1982 a71 p ., aA Collection of Short Stories cL 001040708LaWERCLbWERCLcSSCd2024-03-31l0o 894.811 MAHp4165r2024-03-31w2024-03-31yL c4374d4374